Prénoms : du féminin au masculin (mort subite) - Statistiques

Statistiques générales
  • Ce quiz a été pris 197 fois
    186 depuis la dernière actualisation
  • Le résultat moyen est 8 sur 12
Answers on the Grid
Answers color-coded by a green-red scale on the quiz's grid according to % correct below.
Eglantine
Delphine
Faustine
Justine
Léa
Brune
Liliane
Marine
Adèle
Line
Calypso
Hildegarde
Julie
Inès
Georgette
Carla
 
Statistiques - réponses
Réponse % Correct
Léa
91%
Justine
86%
Julie
82%
Georgette
78%
Liliane
78%
Carla
74%
Marine
73%
Faustine
59%
Brune
46%
Line
36%
Adèle
29%
Delphine
29%
Aucun quiz correspondant
Distribution des résultats
% des personnes avec chaque résultat
Percentile par nombre de réponses
Votre historique - résultats
Vous n’avez pas pris ce quiz depuis la dernière actualisation